[Event "chess.com SpeedChess 2022"]
[Site "chess.com INT"]
[Date "2022.12.14"]
[Round "2.34"]
[White "Vachier-Lagrave, Maxime"]
[Black "So, Wesley"]
[Result "0-1"]
[WhiteTitle "GM"]
[BlackTitle "GM"]
[WhiteElo "2736"]
[BlackElo "2760"]
[WhiteFideId "623539"]
[BlackFideId "5202213"]
[EventDate "2022.11.23"]
[EventType "k.o."]

1. e4 c5 2. Nf3 d6 3. Bb5+ Bd7 4. Bxd7+ Qxd7 5. c4 Nf6 6. Nc3 g6 7. d4 cxd4 8.
Qxd4 Bg7 9. O-O O-O 10. Qd3 Nc6 11. h3 Rfc8 12. Rd1 Qd8 13. Bg5 h6 14. Bh4 Nd7
15. Rac1 Nce5 16. Nxe5 Nxe5 17. Qe2 g5 18. Bg3 Nxc4 19. h4 e6 20. Nb5 a6 21.
Rxc4 Rxc4 22. Qxc4 axb5 23. Qxb5 Rxa2 24. Rxd6 Qc8 25. hxg5 Ra1+ 26. Kh2 Qc1 27.
Kh3 Qh1+ 28. Kg4 Qxg2 29. Rd8+ Kh7 30. Qxb7 h5+ 31. Kf4 e5+ 32. Ke3 Re1+ 33. Kd2
Qf1 34. Kc3 Rc1+ 35. Kb4 Qc4+ 36. Ka5 Qc5+ 37. Ka4 Qc4+ 38. Ka5 Qc5+ 39. Ka4
Qc2+ 40. Qb3 Qc6+ 41. Qb5 Ra1+ 42. Kb4 Qc7 43. Qd7 Bf8+ 44. Kb3 Qb6+ 45. Kc2
Qc5+ 46. Kd2 Qc1+ 47. Ke2 Qf1+ 48. Kf3 Qh1+ 49. Ke2 Re1+ 50. Kd2 Rd1+ 51. Ke2
Rxd7 52. Rxd7 Kg6 53. Rd3 Qxe4+ 54. Re3 Qc4+ 55. Kf3 e4+ 56. Rxe4 Qd3+ 57. Kf4
Bd6+ 0-1

[Event "chess.com SpeedChess 2022"]
[Site "chess.com INT"]
[Date "2022.12.14"]
[Round "2.35"]
[White "So, Wesley"]
[Black "Vachier-Lagrave, Maxime"]
[Result "0-1"]
[WhiteTitle "GM"]
[BlackTitle "GM"]
[WhiteElo "2760"]
[BlackElo "2736"]
[WhiteFideId "5202213"]
[BlackFideId "623539"]
[EventDate "2022.11.23"]
[EventType "k.o."]

1. Nf3 Nf6 2. c4 g6 3. Nc3 d5 4. cxd5 Nxd5 5. e4 Nxc3 6. dxc3 Qxd1+ 7. Kxd1 f6
8. Be3 e5 9. h4 h5 10. Nd2 Nd7 11. Nb3 a5 12. a4 b6 13. Kc2 Bb7 14. f3 Bd6 15.
Rd1 f5 16. Bd3 f4 17. Bf2 Ke7 18. Rdg1 Raf8 19. g3 fxg3 20. Rxg3 Rhg8 21. Bc4
Bxe4+ 22. Kc1 Rxf3 23. Nd2 Rxg3 24. Nxe4 Rg4 25. Bxg8 Rxe4 26. Rg1 Rg4 27. Rxg4
hxg4 28. Kd2 Bc5 29. Bg3 Nf6 30. Bc4 Ne4+ 0-1

[Event "chess.com SpeedChess 2022"]
[Site "chess.com INT"]
[Date "2022.12.14"]
[Round "2.36"]
[White "Vachier-Lagrave, Maxime"]
[Black "So, Wesley"]
[Result "1-0"]
[WhiteTitle "GM"]
[BlackTitle "GM"]
[WhiteElo "2736"]
[BlackElo "2760"]
[WhiteFideId "623539"]
[BlackFideId "5202213"]
[EventDate "2022.11.23"]
[EventType "k.o."]

1. e4 c5 2. Nf3 d6 3. d4 cxd4 4. Nxd4 Nf6 5. Nc3 a6 6. Be2 e5 7. Nf3 Be7 8. Bg5
Nbd7 9. a4 h6 10. Be3 Ng4 11. Bc1 Ngf6 12. Be3 Ng4 13. Bc1 Ngf6 14. Nd2 Nc5 15.
O-O O-O 16. Re1 Qc7 17. Bf3 Be6 18. Nf1 Qc6 19. Ng3 Rfd8 20. Nf5 Bf8 21. Qe2 b5
22. axb5 axb5 23. Rxa8 Rxa8 24. Qxb5 Qxb5 25. Nxb5 d5 26. Nc7 Rc8 27. Nxe6 fxe6
28. Ng3 d4 29. Bd2 Na6 30. c3 Nc5 31. cxd4 Nd3 32. Re3 Nxb2 33. dxe5 Nd7 34. Bg4
Kf7 35. Rf3+ Ke7 36. Bb4+ Ke8 37. Bh5+ Kd8 38. Bxf8 Rc1+ 39. Nf1 1-0

[Event "chess.com SpeedChess 2022"]
[Site "chess.com INT"]
[Date "2022.12.14"]
[Round "2.37"]
[White "So, Wesley"]
[Black "Vachier-Lagrave, Maxime"]
[Result "0-1"]
[WhiteTitle "GM"]
[BlackTitle "GM"]
[WhiteElo "2760"]
[BlackElo "2736"]
[WhiteFideId "5202213"]
[BlackFideId "623539"]
[EventDate "2022.11.23"]
[EventType "k.o."]

1. Nf3 Nf6 2. c4 c6 3. Nc3 d5 4. e3 g6 5. d4 Bg7 6. Be2 O-O 7. O-O a6 8. a4 a5
9. Bd2 Na6 10. cxd5 cxd5 11. Qb3 b6 12. Rfc1 Bb7 13. Ne5 Nb4 14. Nb5 Na6 15. Nc6
Qd7 16. Ne5 Qd8 17. Na3 Ne4 18. Bxa5 bxa5 19. Qxb7 Bxe5 20. Bxa6 Rb8 21. Qa7 Ra8
22. Qb7 Rb8 23. Qc6 Rb6 24. Qc2 Bxh2+ 25. Kxh2 Rxa6 26. Qc7 Nxf2 27. Kg1 Nd3 28.
Qxd8 Rxd8 29. Rc2 Re6 30. Rd1 Rxe3 31. Rc3 Nxb2 32. Rxe3 Nxd1 33. Rxe7 Nc3 0-1

[Event "chess.com SpeedChess 2022"]
[Site "chess.com INT"]
[Date "2022.12.14"]
[Round "2.38"]
[White "Vachier-Lagrave, Maxime"]
[Black "So, Wesley"]
[Result "1-0"]
[WhiteTitle "GM"]
[BlackTitle "GM"]
[WhiteElo "2736"]
[BlackElo "2760"]
[WhiteFideId "623539"]
[BlackFideId "5202213"]
[EventDate "2022.11.23"]
[EventType "k.o."]

1. e4 e6 2. d4 d5 3. Nc3 Bb4 4. Ne2 Nf6 5. e5 Ne4 6. a3 Nxc3 7. Nxc3 Bxc3+ 8.
bxc3 c5 9. Qg4 O-O 10. Bh6 g6 11. h4 f5 12. Qg3 cxd4 13. h5 f4 14. Bxf4 1-0

[Event "chess.com SpeedChess 2022"]
[Site "chess.com INT"]
[Date "2022.12.14"]
[Round "2.39"]
[White "So, Wesley"]
[Black "Vachier-Lagrave, Maxime"]
[Result "0-1"]
[WhiteTitle "GM"]
[BlackTitle "GM"]
[WhiteElo "2760"]
[BlackElo "2736"]
[WhiteFideId "5202213"]
[BlackFideId "623539"]
[EventDate "2022.11.23"]
[EventType "k.o."]

1. b3 c5 2. Bb2 Nc6 3. Nf3 Nf6 4. e3 g6 5. d4 d5 6. dxc5 Qa5+ 7. Nbd2 Qxc5 8. c4
dxc4 9. Bxc4 Bg7 10. Rc1 Qh5 11. a3 O-O 12. O-O Rd8 13. h3 Bf5 14. b4 Ne4 15.
Bxg7 Kxg7 16. Be2 Nxd2 17. Nxd2 Qh4 18. Qb3 Rac8 19. Nf3 Qf6 20. Rc5 b6 21. Rcc1
Ne5 22. Nxe5 Qxe5 23. Bf3 Rd3 24. Qa4 Rxc1 25. Rxc1 Qb2 26. Rc7 Qa1+ 27. Kh2
Qe5+ 0-1

[Event "chess.com SpeedChess 2022"]
[Site "chess.com INT"]
[Date "2022.12.14"]
[Round "2.310"]
[White "Vachier-Lagrave, Maxime"]
[Black "So, Wesley"]
[Result "1/2-1/2"]
[WhiteTitle "GM"]
[BlackTitle "GM"]
[WhiteElo "2736"]
[BlackElo "2760"]
[WhiteFideId "623539"]
[BlackFideId "5202213"]
[EventDate "2022.11.23"]
[EventType "k.o."]

1. e4 e6 2. d4 d5 3. exd5 exd5 4. Nf3 Bd6 5. c4 Nf6 6. c5 Be7 7. Qa4+ Bd7 8. Qc2
O-O 9. Bd3 b6 10. O-O Nc6 11. a3 bxc5 12. dxc5 Bg4 13. Nbd2 a5 14. Bb5 Na7 15.
Bd3 Nc6 16. Bb5 Na7 17. Bd3 Nc6 1/2-1/2

[Event "chess.com SpeedChess 2022"]
[Site "chess.com INT"]
[Date "2022.12.14"]
[Round "2.311"]
[White "So, Wesley"]
[Black "Vachier-Lagrave, Maxime"]
[Result "1-0"]
[WhiteTitle "GM"]
[BlackTitle "GM"]
[WhiteElo "2760"]
[BlackElo "2736"]
[WhiteFideId "5202213"]
[BlackFideId "623539"]
[EventDate "2022.11.23"]
[EventType "k.o."]

1. e4 c6 2. d4 d5 3. exd5 cxd5 4. Bd3 Nf6 5. c3 Nc6 6. Bf4 Bg4 7. Qb3 Qb6 8. h3
Bh5 9. Nd2 e6 10. Ngf3 Bg6 11. Qxb6 axb6 12. Bb5 Nd7 13. O-O Be7 14. Rfe1 O-O
15. a3 Rfc8 16. Nb3 Nf6 17. Nbd2 Ne8 18. Ne5 Nd6 19. Nxg6 hxg6 20. Bd3 Na5 21.
Re2 Ndc4 22. Nxc4 Nxc4 23. Rae1 g5 24. Bc1 Bf6 25. g3 g6 26. Kg2 Kg7 27. g4 Rc6
28. f4 gxf4 29. Bxf4 g5 30. Bc1 Rac8 31. Rf1 Nxa3 32. Ref2 Bxd4 33. Rxf7+ Kg8
34. cxd4 Rxc1 35. bxa3 Rxf1 36. Rxf1 Rc3 37. Rf3 Kg7 38. Bb5 Rc2+ 39. Rf2 Rc3
40. a4 1-0

[Event "chess.com SpeedChess 2022"]
[Site "chess.com INT"]
[Date "2022.12.16"]
[Round "3.11"]
[White "Carlsen, Magnus"]
[Black "Vachier-Lagrave, Maxime"]
[Result "1-0"]
[WhiteTitle "GM"]
[BlackTitle "GM"]
[WhiteElo "2859"]
[BlackElo "2736"]
[WhiteFideId "1503014"]
[BlackFideId "623539"]
[EventDate "2022.11.23"]

1. d4 Nf6 2. Nf3 g6 3. Nbd2 d5 4. b3 Bg7 5. Bb2 O-O 6. e3 Bf5 7. Be2 Nbd7 8. c4
dxc4 9. Nxc4 c5 10. O-O Rc8 11. Rc1 b5 12. Nce5 a6 13. a4 cxd4 14. Bxd4 Nxe5 15.
Nxe5 Qd5 16. axb5 axb5 17. Rxc8 Rxc8 18. Nd3 Rd8 19. Nf4 Qb7 20. Qa1 Be4 21. f3
Bc6 22. Rd1 Ne8 23. Bxg7 Rxd1+ 24. Qxd1 Kxg7 25. Qd4+ Nf6 26. Nd3 Qd7 27. Qc3
Qd6 28. Qe5 Qxe5 29. Nxe5 Be8 30. e4 g5 31. Kf2 e6 32. Ke3 Nh5 33. g3 f5 34.
exf5 exf5 35. Kd4 f4 36. g4 Nf6 37. Kc5 h5 38. h3 hxg4 39. hxg4 Kf8 40. Bxb5
Bxb5 41. Kxb5 Ke7 42. Kc5 Ke6 43. Kd4 Nd5 44. Nd3 Kd6 45. Nc5 Nc7 46. Ne4+ 1-0

[Event "chess.com SpeedChess 2022"]
[Site "chess.com INT"]
[Date "2022.12.16"]
[Round "3.12"]
[White "Vachier-Lagrave, Maxime"]
[Black "Carlsen, Magnus"]
[Result "1/2-1/2"]
[WhiteTitle "GM"]
[BlackTitle "GM"]
[WhiteElo "2736"]
[BlackElo "2859"]
[WhiteFideId "623539"]
[BlackFideId "1503014"]
[EventDate "2022.11.23"]

1. e4 g6 2. d4 d6 3. Nc3 Bg7 4. Be3 a6 5. h4 h5 6. Bd3 Nf6 7. Nf3 Ng4 8. Bg5 Nc6
9. Ne2 Nb4 10. Bc4 d5 11. exd5 Nxd5 12. Bb3 c6 13. Qd2 a5 14. c4 Ndf6 15. Nc3
Bf5 16. Bc2 Bxc2 17. Qxc2 O-O 18. O-O Nh7 19. Bf4 Bxd4 20. Rad1 e5 21. Bxe5 Nxe5
22. Nxe5 Bxe5 23. Rxd8 Raxd8 24. Qb3 Rd7 25. Ne4 Nf6 26. Nc5 Re7 27. Rd1 Rfe8
28. g3 Ng4 29. Nxb7 Rb8 30. Rd8+ Rxd8 31. Nxd8 Bd4 32. Nxc6 Bxf2+ 33. Kg2 Re1
34. Qb8+ Kg7 35. Nxa5 Re2 36. Kf3 Re3+ 37. Kg2 Re2 38. Kf3 Re3+ 39. Kg2 Re2 1/2-1/2

[Event "chess.com SpeedChess 2022"]
[Site "chess.com INT"]
[Date "2022.12.16"]
[Round "3.13"]
[White "Carlsen, Magnus"]
[Black "Vachier-Lagrave, Maxime"]
[Result "0-1"]
[WhiteTitle "GM"]
[BlackTitle "GM"]
[WhiteElo "2859"]
[BlackElo "2736"]
[WhiteFideId "1503014"]
[BlackFideId "623539"]
[EventDate "2022.11.23"]

1. d4 Nf6 2. Nf3 g6 3. Nbd2 d5 4. e3 Bg7 5. b3 Bf5 6. Bb2 Nbd7 7. c4 c6 8. Be2
a5 9. O-O O-O 10. h3 a4 11. b4 a3 12. Bc3 Ne4 13. Nxe4 dxe4 14. Nd2 Nf6 15. Qb3
h5 16. Rfd1 Qc8 17. Nf1 h4 18. b5 c5 19. dxc5 Nd7 20. Bxg7 Kxg7 21. c6 bxc6 22.
Rac1 Qc7 23. Qc3+ f6 24. c5 cxb5 25. Bxb5 Ne5 26. Rd4 Ra5 27. Be2 Rc8 28. c6
Qxc6 29. Qxa5 Qxc1 30. Qa7 Qc5 31. Ra4 Qxa7 32. Rxa7 Rc2 33. Bd1 Rxa2 34. Bb3
Rb2 35. Rxa3 Nd3 36. Bc4 Nxf2 37. Ra7 Kh6 38. Rxe7 Kg5 39. Ra7 Nd3 40. Ra5 Ne1
41. g4 hxg3 0-1

[Event "chess.com SpeedChess 2022"]
[Site "chess.com INT"]
[Date "2022.12.16"]
[Round "3.14"]
[White "Vachier-Lagrave, Maxime"]
[Black "Carlsen, Magnus"]
[Result "0-1"]
[WhiteTitle "GM"]
[BlackTitle "GM"]
[WhiteElo "2736"]
[BlackElo "2859"]
[WhiteFideId "623539"]
[BlackFideId "1503014"]
[EventDate "2022.11.23"]

1. e4 e5 2. Nf3 Nc6 3. Bb5 a6 4. Ba4 Nf6 5. O-O Be7 6. Re1 b5 7. Bb3 O-O 8. c3
d5 9. exd5 Nxd5 10. Nxe5 Nxe5 11. Rxe5 Bb7 12. Qf3 Bd6 13. Bxd5 c6 14. Re2 cxd5
15. d4 Re8 16. Nd2 a5 17. Rxe8+ Qxe8 18. Nf1 Qe1 19. b3 Re8 20. Bb2 Qe2 21. Qxe2
Rxe2 22. Rb1 b4 23. cxb4 axb4 24. Ng3 Bxg3 25. hxg3 Bc8 26. Kf1 Ba6 27. Kg1 h5
28. Bc1 Bd3 29. Ra1 Re1+ 30. Kh2 g5 31. Bb2 Re2 32. Bc1 Rxf2 33. Bxg5 Be4 34.
Be7 Bxg2 35. Kg1 Rb2 36. Bxb4 Be4 37. Bd6 Rg2+ 38. Kf1 Rh2 39. Re1 Rxa2 40. Re3
Kg7 41. Rc3 Kg6 42. Bf4 Kf5 43. Ke1 h4 44. Be5 h3 45. g4+ Kxg4 46. Rg3+ Kh4 47.
Rg8 Bg6 48. Rh8+ Kg4 49. b4 Rb2 50. Bd6 Bf5 51. Rh6 Kf3 52. Rh5 Bg4 53. Rh7 Ke3 0-1

[Event "chess.com SpeedChess 2022"]
[Site "chess.com INT"]
[Date "2022.12.16"]
[Round "3.15"]
[White "Carlsen, Magnus"]
[Black "Vachier-Lagrave, Maxime"]
[Result "1-0"]
[WhiteTitle "GM"]
[BlackTitle "GM"]
[WhiteElo "2859"]
[BlackElo "2736"]
[WhiteFideId "1503014"]
[BlackFideId "623539"]
[EventDate "2022.11.23"]

1. d4 Nf6 2. Nf3 g6 3. Nbd2 d5 4. b3 Bg7 5. Bb2 Bf5 6. e3 Nbd7 7. Be2 a5 8. c4
c6 9. a3 O-O 10. O-O Qb8 11. Rc1 b5 12. cxd5 cxd5 13. b4 axb4 14. axb4 Ne8 15.
Nb3 Nd6 16. Nc5 Nc4 17. Bc3 Ndb6 18. Qb3 Ra3 19. Qd1 Qc7 20. h3 Rfa8 21. Ne5
Nxe5 22. dxe5 Bxe5 23. Bxe5 Qxe5 24. Bxb5 Qb2 25. Bd3 Bxd3 26. Nxd3 Qb3 27. Nf4
e5 28. Rc6 Rb8 29. Qxb3 Rxb3 30. Ne2 Rxb4 31. Rd1 Rc4 32. Rd6 Kf8 33. Rb1 Rc2
34. Ng3 Nd7 35. Rxb8+ Nxb8 36. Rd8+ Ke7 37. Rxb8 h5 38. Rb4 f5 39. h4 Rc1+ 40.
Nf1 1-0

[Event "chess.com SpeedChess 2022"]
[Site "chess.com INT"]
[Date "2022.12.16"]
[Round "3.16"]
[White "Vachier-Lagrave, Maxime"]
[Black "Carlsen, Magnus"]
[Result "1/2-1/2"]
[WhiteTitle "GM"]
[BlackTitle "GM"]
[WhiteElo "2736"]
[BlackElo "2859"]
[WhiteFideId "623539"]
[BlackFideId "1503014"]
[EventDate "2022.11.23"]

1. e4 e5 2. Nf3 Nc6 3. Bb5 a6 4. Ba4 Nf6 5. O-O Be7 6. Re1 b5 7. Bb3 O-O 8. c3
d5 9. exd5 Nxd5 10. Nxe5 Nxe5 11. Rxe5 Bb7 12. Qf3 Bd6 13. Bxd5 c6 14. Re1 cxd5
15. d4 Re8 16. Be3 Qc7 17. g3 b4 18. cxb4 Bxb4 19. Rc1 Qd7 20. a3 Bf8 21. Nd2 a5
22. Nb3 a4 23. Nc5 Bxc5 24. Rxc5 Rac8 25. Rac1 Ba6 26. Rxc8 Rxc8 27. Rxc8+ Bxc8
28. Qf4 h6 29. Qb8 Qf5 30. b3 Qb1+ 31. Kg2 Qe4+ 32. Kg1 Qb1+ 33. Kg2 Qe4+ 34.
Kg1 Qb1+ 1/2-1/2

[Event "chess.com SpeedChess 2022"]
[Site "chess.com INT"]
[Date "2022.12.16"]
[Round "3.17"]
[White "Carlsen, Magnus"]
[Black "Vachier-Lagrave, Maxime"]
[Result "1-0"]
[WhiteTitle "GM"]
[BlackTitle "GM"]
[WhiteElo "2859"]
[BlackElo "2736"]
[WhiteFideId "1503014"]
[BlackFideId "623539"]
[EventDate "2022.11.23"]

1. d4 Nf6 2. Nf3 g6 3. Nbd2 d5 4. b3 Bg7 5. Bb2 Bf5 6. e3 O-O 7. Be2 Ne4 8. O-O
c5 9. Ne5 Nc6 10. Nxe4 Bxe4 11. Nxc6 bxc6 12. c3 Qa5 13. a4 cxd4 14. b4 Qb6 15.
a5 Qb8 16. cxd4 Qxb4 17. Ba3 Qb7 18. Qd2 Rfc8 19. a6 Qc7 20. f3 Bf5 21. g4 Be6
22. Rab1 Rab8 23. Bc5 h5 24. gxh5 Bf5 25. Bd3 e5 26. hxg6 Bxg6 27. Bxg6 fxg6 28.
Qg2 Qf7 29. dxe5 Bxe5 30. f4 Bg7 31. Qg4 Re8 32. Rxb8 Rxb8 33. f5 gxf5 34. Rxf5
Rb1+ 35. Kg2 Rb2+ 36. Kh3 Qc7 37. Rf8+ 1-0

[Event "chess.com SpeedChess 2022"]
[Site "chess.com INT"]
[Date "2022.12.16"]
[Round "3.18"]
[White "Vachier-Lagrave, Maxime"]
[Black "Carlsen, Magnus"]
[Result "0-1"]
[WhiteTitle "GM"]
[BlackTitle "GM"]
[WhiteElo "2736"]
[BlackElo "2859"]
[WhiteFideId "623539"]
[BlackFideId "1503014"]
[EventDate "2022.11.23"]

1. e4 e5 2. Nf3 Nc6 3. Bb5 a6 4. Ba4 Nf6 5. O-O Be7 6. d3 b5 7. Bb3 O-O 8. Nc3
d6 9. a3 Rb8 10. Bg5 h6 11. Bxf6 Bxf6 12. Nd5 g6 13. a4 Bg7 14. axb5 axb5 15. c3
Ne7 16. Ra7 Rb7 17. Ra8 c6 18. Nxe7+ Qxe7 19. h3 Be6 20. Rxf8+ Bxf8 21. Bxe6
Qxe6 22. Qa1 Qd7 23. d4 exd4 24. cxd4 Ra7 25. Qb1 c5 26. dxc5 dxc5 27. Rd1 Qe6
28. Qd3 c4 29. Qe3 Rd7 30. Ra1 Rd3 31. Qf4 Kg7 32. Ra7 g5 33. Qc1 Qxe4 34. Ra1
Be7 35. Qc2 Bf6 36. Re1 Qd5 37. Qe2 Rb3 38. Qe8 Rxb2 39. Qc8 Qd8 40. Qf5 c3 41.
h4 c2 42. hxg5 hxg5 43. g4 b4 44. Kg2 b3 45. Rh1 Rb1 46. Rh7+ Kg8 47. Rxf7 Kxf7
48. Nxg5+ Ke8 49. Qe6+ Be7 50. Ne4 Qd4 51. Qc8+ Kf7 52. Qf5+ Kg7 0-1

[Event "chess.com SpeedChess 2022"]
[Site "chess.com INT"]
[Date "2022.12.16"]
[Round "3.19"]
[White "Carlsen, Magnus"]
[Black "Vachier-Lagrave, Maxime"]
[Result "1/2-1/2"]
[WhiteTitle "GM"]
[BlackTitle "GM"]
[WhiteElo "2859"]
[BlackElo "2736"]
[WhiteFideId "1503014"]
[BlackFideId "623539"]
[EventDate "2022.11.23"]

1. d4 Nf6 2. Nf3 g6 3. Nc3 d5 4. Bf4 Bg7 5. Nb5 Na6 6. e3 O-O 7. h3 Ne4 8. Nd2
Nxd2 9. Qxd2 c5 10. Be2 Bd7 11. a4 Bc6 12. O-O Qd7 13. c3 c4 14. e4 dxe4 15.
Bxc4 e5 16. dxe5 Qxd2 17. Bxd2 Bxe5 18. Be3 b6 19. a5 Nc5 20. Nd4 Bd7 21. Bd5
Rac8 22. axb6 axb6 23. Ra7 Bb8 24. Ra3 Rfe8 25. Rfa1 Kg7 26. Nb3 Nd3 27. Bxb6
Nxb2 28. Bd4+ Be5 29. Ra7 Bxd4 30. Nxd4 Red8 31. R1a6 Nd3 32. Rd6 Nc5 33. c4 Kh8
34. Bxf7 Bxh3 35. Rxd8+ Rxd8 36. Bd5 Bd7 37. Rc7 Rc8 38. Ra7 Rb8 39. Kh2 Re8 40.
Kg3 e3 41. Rc7 exf2 42. Kxf2 Nd3+ 43. Kg3 Re3+ 44. Kh2 Bg4 45. Nf3 Bxf3 46. Bxf3
Re5 47. g3 Rc5 48. Rxc5 Nxc5 49. Bd5 Kg7 50. g4 g5 51. Kg3 Kf6 52. Kf3 Ke5 53.
Ke3 h6 54. Bf3 Ne6 55. Bd1 Nc5 56. Bf3 Nd7 57. Bh1 Nf6 58. Bf3 Nd7 59. Bh1 Nf6
60. Bf3 Nd7 1/2-1/2

[Event "chess.com SpeedChess 2022"]
[Site "chess.com INT"]
[Date "2022.12.16"]
[Round "3.21"]
[White "Vachier-Lagrave, Maxime"]
[Black "Carlsen, Magnus"]
[Result "1/2-1/2"]
[WhiteTitle "GM"]
[BlackTitle "GM"]
[WhiteElo "2736"]
[BlackElo "2859"]
[WhiteFideId "623539"]
[BlackFideId "1503014"]
[EventDate "2022.11.23"]

1. c4 e5 2. g3 Nf6 3. Bg2 d5 4. cxd5 Nxd5 5. Nf3 Nc6 6. O-O Nb6 7. b3 Bd6 8. Bb2
O-O 9. d3 Re8 10. Nbd2 Bf8 11. Rc1 f6 12. a3 Be6 13. Rc2 a5 14. Qa1 Qd7 15. Rfc1
Rad8 16. Bc3 Nd5 17. Ne4 Nxc3 18. Rxc3 Qf7 19. Nc5 Bxc5 20. Rxc5 Bxb3 21. Qb2
Bd5 22. Rb5 Nb8 23. Rxa5 b6 24. Rb5 Na6 25. a4 e4 26. dxe4 Bxe4 27. a5 Nc5 28.
axb6 cxb6 29. Rb4 Rd6 30. Nh4 Bxg2 31. Nxg2 Red8 32. Ne3 Qe6 33. h4 Ne4 34. Kg2
Rd2 35. Rxb6 Qf7 36. Qb4 R2d4 37. Qb3 Qxb3 38. Rxb3 R4d7 39. Rb4 Nd6 40. h5 Nf7
41. g4 Re8 42. Rc2 Ne5 43. Kg3 Nf7 44. Nf5 g6 45. hxg6 hxg6 46. Nh4 Kg7 47. f3
Ree7 48. e4 Ne5 49. Rc3 Rd3 50. Rxd3 Nxd3 51. Rb6 Ne5 52. Ng2 Rd7 53. Rb3 g5 54.
Ne3 Rd3 55. Rxd3 Nxd3 56. Nd5 Kf7 57. f4 gxf4+ 58. Nxf4 Ne5 59. Nh3 Kg6 60. Kf4
Nd3+ 61. Ke3 Ne5 62. Kf4 Nd3+ 63. Kf3 Ne5+ 64. Kg3 Nd3 65. Nf4+ Nxf4 66. Kxf4
Kg7 67. Ke3 Kf7 68. Kd3 Ke6 69. Kd4 Kd6 70. Ke3 Ke5 71. Kf3 Kd6 72. Kg3 Ke5 73.
Kf3 Kd6 74. Kf4 Ke6 75. g5 fxg5+ 76. Kxg5 Ke5 77. Kg6 Kxe4 1/2-1/2

[Event "chess.com SpeedChess 2022"]
[Site "chess.com INT"]
[Date "2022.12.16"]
[Round "3.22"]
[White "Carlsen, Magnus"]
[Black "Vachier-Lagrave, Maxime"]
[Result "1/2-1/2"]
[WhiteTitle "GM"]
[BlackTitle "GM"]
[WhiteElo "2859"]
[BlackElo "2736"]
[WhiteFideId "1503014"]
[BlackFideId "623539"]
[EventDate "2022.11.23"]

1. Nf3 c5 2. g3 g6 3. Bg2 Bg7 4. c4 Nc6 5. Nc3 d6 6. O-O Bf5 7. d3 Nf6 8. a3 O-O
9. Rb1 Qd7 10. b4 b6 11. b5 Na5 12. e4 Bh3 13. Bb2 Bxg2 14. Kxg2 e6 15. Re1 Rad8
16. Qc2 d5 17. e5 Ne8 18. Rbd1 Qb7 19. Ne2 a6 20. a4 Nc7 21. h4 d4 22. Ng1 f6
23. exf6 Rxf6 24. Bc1 Rdf8 25. Re4 axb5 26. axb5 Ne8 27. Qe2 e5 28. Rxe5 Rxf3
29. Nxf3 Bxe5 30. Re1 Bg7 31. Qe6+ Kh8 32. Re4 Nf6 33. Rf4 Re8 34. Qd6 Nb3 35.
Rxf6 Nxc1 36. Qxb6 Qxb6 37. Rxb6 Nxd3 38. Rc6 Rb8 39. Ng5 Ne5 40. Rxc5 d3 41.
Ne4 h5 42. Rd5 Nxc4 43. Rxd3 Ne5 44. Rd5 Kg8 45. Ng5 Bf6 46. Ne4 Kf7 47. Rc5 Rb6
48. f4 Nd7 49. Rc7 Ke6 50. Nc5+ Nxc5 51. Rxc5 Be7 52. Rc6+ Rxc6 53. bxc6 Bd6 54.
Kf3 Kf5 55. Kf2 Kg4 56. Kg2 Bc7 57. Kf2 Bd8 58. Kg2 Bb6 59. Kh2 Kf3 60. Kh3 Bc7
61. Kh2 Ke4 62. Kg2 Kd5 63. Kf3 Kxc6 64. g4 Kd5 65. gxh5 gxh5 66. f5 Ke5 67. Kg2
Kxf5 68. Kh1 Kg4 69. Kg2 Kxh4 70. Kh1 Kg4 71. Kg2 h4 72. Kh1 h3 73. Kg1 h2+ 74.
Kh1 Kh3 1/2-1/2

[Event "chess.com SpeedChess 2022"]
[Site "chess.com INT"]
[Date "2022.12.16"]
[Round "3.23"]
[White "Vachier-Lagrave, Maxime"]
[Black "Carlsen, Magnus"]
[Result "1/2-1/2"]
[WhiteTitle "GM"]
[BlackTitle "GM"]
[WhiteElo "2736"]
[BlackElo "2859"]
[WhiteFideId "623539"]
[BlackFideId "1503014"]
[EventDate "2022.11.23"]

1. e4 e5 2. Nf3 Nc6 3. Bb5 a6 4. Ba4 Nf6 5. O-O Be7 6. d4 exd4 7. e5 Ne4 8. Nxd4
O-O 9. Re1 Nc5 10. Nf5 d5 11. Bxc6 Bxf5 12. Bxd5 c6 13. Bf3 Qxd1 14. Bxd1 Rfd8
15. Nd2 a5 16. Nf1 a4 17. Ng3 Be6 18. a3 g6 19. Be3 h5 20. Bf3 Nd7 21. Bd4 Bc5
22. Bc3 Nb6 23. Ne4 Bd4 24. Bxd4 Rxd4 25. c3 Rdd8 26. Nd6 Rd7 27. Rad1 Ra5 28.
g3 Re7 29. Bg2 Bb3 30. Rc1 Raxe5 31. Rxe5 Rxe5 32. Nxb7 Nc4 33. Bxc6 Nxb2 34. c4
Nxc4 35. Bxa4 Bxa4 36. Rxc4 Re1+ 37. Kg2 Bb3 38. Rd4 Re5 39. Nd6 Ra5 40. Rd3 Be6
41. f3 Kf8 42. Kf2 Ke7 43. Ne4 Bf5 44. Re3 Kf8 45. Nd2 Be6 46. h4 Kg7 47. Ke2
Bf5 48. Rc3 Ra4 49. Ke3 Be6 50. Ne4 Bf5 51. Nc5 Ra7 52. a4 Kf6 53. Kd4 g5 54.
hxg5+ Kxg5 55. Kc4 h4 56. gxh4+ Kxh4 57. Kb5 Kg3 58. a5 Bc8 59. Kb6 Re7 60. Rd3
Re8 61. Kc7 Bf5 62. Rc3 Bc8 63. Ne4+ Kf4 64. Nd6 Re5 65. Kb6 Re6 66. Rxc8 Rxd6+
67. Rc6 Rd7 68. Rc7 Rd6+ 69. Rc6 Rd7 70. Rf6+ Ke5 71. Rh6 Kf4 72. a6 Kxf3 73. a7
Rxa7 74. Kxa7 f5 75. Kb6 f4 76. Kc5 Ke3 77. Re6+ Kd3 78. Rf6 Ke3 79. Kc4 f3 80.
Re6+ Kd2 81. Rd6+ Ke2 82. Kc3 f2 83. Re6+ Kd1 84. Rf6 Ke2 85. Rxf2+ Kxf2 1/2-1/2

[Event "chess.com SpeedChess 2022"]
[Site "chess.com INT"]
[Date "2022.12.16"]
[Round "3.24"]
[White "Carlsen, Magnus"]
[Black "Vachier-Lagrave, Maxime"]
[Result "1/2-1/2"]
[WhiteTitle "GM"]
[BlackTitle "GM"]
[WhiteElo "2859"]
[BlackElo "2736"]
[WhiteFideId "1503014"]
[BlackFideId "623539"]
[EventDate "2022.11.23"]

1. Nf3 d5 2. g3 g6 3. Bg2 Bg7 4. O-O Nf6 5. c4 d4 6. b4 d3 7. Bb2 dxe2 8. Qxe2
O-O 9. d4 c6 10. Nc3 Bg4 11. h3 Bxf3 12. Bxf3 e6 13. Rfd1 Nbd7 14. a4 Re8 15.
Bg2 Qc7 16. Rac1 Rad8 17. Qc2 Bh6 18. Rb1 a6 19. Qb3 e5 20. d5 cxd5 21. Nxd5
Nxd5 22. Rxd5 Nf6 23. Rxd8 Rxd8 24. Re1 Re8 25. c5 Bg7 26. Qc4 e4 27. Bxf6 Bxf6
28. Rxe4 Rd8 29. a5 Kg7 30. h4 Rd1+ 31. Kh2 Rd2 32. Rf4 Be5 33. Rf3 Rd4 34. Qb3
Rxh4+ 35. Kg1 Rd4 36. Rd3 Qe7 37. Bf3 h5 38. Kg2 Rxd3 39. Qxd3 h4 40. gxh4 Qxh4
41. Qe4 Qg5+ 42. Kf1 Qc1+ 43. Kg2 Qg5+ 44. Kf1 Qc1+ 45. Kg2 Qg5+ 1/2-1/2